| 000 -ლიდერი |
| ფიქსირებული სიგრძის საკონტროლო ველი |
01633nam a22002897a 4500 |
| 003 - საკონტროლო ნომრის იდენტიფიკატორი |
| საკონტროლო ველი |
Ge_BSU |
| 005 - ბოლო ოპერაციის თარიღი და დრო |
| საკონტროლო ველი |
20241212105417.0 |
| 008 - ფიქსირებული სიგრძის მონაცემთა ელემენტები - ზოგადი ინფორმაცია |
| ფიქსირებული სიგრძის საკონტროლო ველი |
241212s2023 ge ||||| |||| 00| 0 geo d |
| 020 ## - წიგნის საერთაშორისო სტანდარტული ნომერი |
| International Standard Book Number |
9789941855276 |
| 041 ## - ენის კოდი |
| Language code of text/sound track or separate title |
geo |
| 080 ## - უნივერსალური ათობითი კლასიფიკაციის ინდექსი |
| Universal Decimal Classification number |
502 : 641/642 დ-27 |
| 245 ## - ცნობა სათაურის შესახებ |
| Title |
დედამიწის ეკოლოგიური და სასურსათო პოტენციალი : |
| Remainder of title |
[მონოგრაფია] / |
| Statement of responsibility, etc |
ავტორები : ე. კვესიტაძე, რ. გახოკიძე, გ. ხატისაშვილი, გ. კვესიტაძე; რედ. რ. ხეცურიანი, შ. რუხაძე, ზ. ლომთათიძე. |
| 264 ## - წარმოების, გამოცემის, დისტრიბუციის და სხვა ცნობები |
| გამოცემის, წარმოების, დისტრიბუციის... ადგილი |
[თბილისი] : |
| გამოცემის, წარმოების, დისტრიბუციის... სახელწოდება |
ფავორიტი სტილი, |
| გამოცემის, წარმოების, დისტრიბუციის... თარიღი |
2023. |
| 300 ## - ფიზიკური აღწერა |
| Extent |
216 გვ. ; |
| Other physical details |
22 სმ. |
| 504 ## - BIBLIOGRAPHY, ETC. NOTE |
| Bibliography, etc |
ბიბლიოგრ. გვ.201-215 |
| 653 ## - INDEX TERM--UNCONTROLLED |
| Uncontrolled term |
პლანეტის ეკოლოგია |
| 653 ## - INDEX TERM--UNCONTROLLED |
| Uncontrolled term |
დედამიწა |
| 700 ## - ADDED ENTRY--PERSONAL NAME |
| Personal name |
კვესიტაძე, ე. |
| Relator term |
ავტორი |
| 9 (RLIN) |
2619 |
| 700 ## - ADDED ENTRY--PERSONAL NAME |
| Personal name |
გახოკიძე, რ. |
| Relator term |
ავტორი |
| 9 (RLIN) |
23945 |
| 700 ## - ADDED ENTRY--PERSONAL NAME |
| Personal name |
ხატისაშვილი, გ. |
| Relator term |
ავტორი |
| 9 (RLIN) |
23946 |
| 700 ## - ADDED ENTRY--PERSONAL NAME |
| Personal name |
კვესიტაძე, გ. |
| Relator term |
ავტორი |
| 9 (RLIN) |
2716 |
| 700 ## - ADDED ENTRY--PERSONAL NAME |
| Personal name |
ხეცურიანი, რ. |
| Relator term |
რედაქტორი |
| 9 (RLIN) |
11551 |
| 700 ## - ADDED ENTRY--PERSONAL NAME |
| Personal name |
რუხაძე, შ. |
| Relator term |
რედაქტორი |
| 9 (RLIN) |
23947 |
| 700 ## - ADDED ENTRY--PERSONAL NAME |
| Personal name |
ლომთათიძე, ზ. |
| Relator term |
რედაქტორი |
| 9 (RLIN) |
23948 |
| 773 ## - HOST ITEM ENTRY |
| Title |
ნაჩუქარი |
| 942 ## - ADDED ENTRY ELEMENTS (KOHA) |
| Source of classification or shelving scheme |
|
| Koha item type |
წიგნი |